000 00362nam a2200133 4500
008 010515s1999 us engLO
020 _a0946462577
090 _aBT785
_bAl5
100 1 _aAllred, Frank
245 1 0 _aHow can I be sure /
_cFrank Allred
260 _aLondon:
_bGrace Publication Trusst,
_cc1999.
650 4 _aAssurance (Theology)
650 4 _aSalvation
999 _c1332
_d1332